01109nab a22002057a 4500003000400000005001700004008004100021040000700062100003200069245017400101260007300275300001300348500003500361505021200396505008100608650001800689650001700707650002700724773015200751OSt20260202122418.0190429b xxu||||| |||| 00| 0 spa d cPJ aAlvarez, Leandro Valentín10a¡Baila para mí! El dominio de la voluntad a través de la coacción y su relación con las interacciones sexuales en el ciberespacio /cLeandro Valentín Alvarez. cCiudad Autónoma de Buenos Aires :aThomson Reuters La Ley, b2023. ap. 11-27 aCita Online: AR/DOC/2128/2023. aSumario: I. Introducción.— II. Los casos y sus resoluciones judiciales.— III. La acción típica de abuso sexual y su interpretación constitucional.— IV. La autoría mediata.— V. Conclusiones. tSi te interesa el texto completo, solicitalo a koha@justierradelfuego.gov.ar 0aDERECHO PENAL 0aABUSO SEXUAL 0aCIENCIA Y TECNOLOGÍA0 02658tRevista de derecho penal y criminología. Nº 9 - Octubre 2023dCiudad Autónoma de Buenos Aires : Thomson Reuters La Ley, 2017-x00347914